Statistics for Famous Philosophers #2

Click here to take the quiz!

General Stats

  • This quiz has been taken 34 times
  • The average score is 9 of 16

Answer Stats

HintAnswer% Correct
Free market theorist ("The Wealth of Nations")Adam Smith
93%
François-Marie Arouet wrote "Candide" (enter pen name)Voltaire
89%
Stoic Roman Emperor ("Meditations")Marcus Aurelius
81%
Chinese general who wrote "The Art of War"Sun Tzu
74%
In her report on Eichmann, she writes about the Banality of EvilHannah Arendt
70%
He wagered his life that God existsBlaise Pascal
67%
"Father of Empiricism" and Lord Chancellor of EnglandFrancis Bacon
63%
Slovenian Marxist who finds ideology in Hollywood moviesSlavoj Žižek
63%
Greek cynic who lived in a barrelDiogenes
56%
Tutor of Nero, who forced him to commit suicideSeneca
52%
"No man ever steps in the same river twice."Heraclitus
44%
First French public figure to die from AIDSMichel Foucault
44%
For him, water was the source of all matterThales of Milet
41%
Author of "Dialectic of Enlightenment" (1)Max Horkheimer
37%
Author of "Dialectic of Enlightenment" (2)Theodor W. Adorno
37%
Proclaimed the "Death of the Author"Roland Barthes
22%

Score Distribution

Percentile by Number Answered

Percent of People with Each Score

Your Score History

You have not taken this quiz